| 000 | 00622cam a22001931 4500 | ||
|---|---|---|---|
| 001 | 45443 | ||
| 090 | _a45443 | ||
| 100 | _a19940107d1948 m y0pory5003 ba | ||
| 101 | 0 | _apor | |
| 102 | _aPT | ||
| 200 | 1 |
_aO submarino _fHermes de Araújo Oliveira _gpref. Aarão Coelho Ribeiro d' Abranches |
|
| 210 | 9 |
_a[S.l.] _cEdições Cosmos _d1948 |
|
| 215 |
_a271, [2] p. _d19 cm |
||
| 225 | 2 |
_aBiblioteca cosmos _v144-145 _h1.ª secção _iCiências e Técnicas. Matemática e Cosmologia |
|
| 675 | _a629.58 | ||
| 700 | 1 |
_aOliveira, _bHermes de Araújo |
|
| 702 | 1 |
_aAbranches, _bAarão Coelho Ribeiro de _4080 |
|
| 801 | 0 |
_aPT _bBN _gRPC |
|
| 990 | _cLIVROS | ||